| 000 | 00692nam a22002177a 4500 | ||
|---|---|---|---|
| 999 |
_c196777 _d196777 |
||
| 005 | 20230727123345.0 | ||
| 008 | 090225t xxu||||| |||| 00| 1 eng d | ||
| 010 | _aENG-137615 | ||
| 020 |
_a9789380902937 _c995.00 |
||
| 035 | _aEN-121147 | ||
| 037 | _bDBAD/PUB | ||
| 040 |
_aDPL _bEnglish |
||
| 082 | _a882.009 | ||
| 100 |
_929133 _aGopichand, P. |
||
| 245 |
_aPerspectivs on indian drama in english splendorous reality/ _cby P. Gopichand |
||
| 260 |
_aJaipur _bAadi publication _c2012 |
||
| 270 |
_a18-jain bhawan, opp.N.B.C, Shanti nagar, _bjaipur _e3022006 |
||
| 300 |
_a279p. _c22cm (pbk) |
||
| 700 |
_929136 _aP. Nagasuseela |
||
| 942 |
_2ddc _cEN _mGOP _h882.009 |
||